Statistics for Indiana Pacers: Retired Numbers

Click here to take the quiz!

General Stats

  • This quiz has been taken 25 times
  • The average score is 2 of 5

Answer Stats

Number Player % Correct
31Reggie Miller
100%
30George McGinnis
39%
34Mel Daniels
26%
35Roger Brown
26%
529Slick Leonard
9%

Score Distribution

Percentile by Number Answered

Percent of People with Each Score

Your Score History

You have not taken this quiz